000 00777nam a2200193 i 4500
001 128032
003 ES-MaACL
005 20251001141055.0
007 t|
008 070214s1932 sp r ||||1| spa d
100 1 _aRives y Martí, Francisco de P.
_997722
245 1 0 _aOrganización de tribunales y leyes de procedimiento
_b: (obra ajustada al programa del 2º ejercicio para las oposiciones a ingreso en el Cuerpo de Aspirantes a la Judicatura de 26 de octubre de 1931) /
_cFrancisco de Paula Rives y Martí.
250 _a4ª ed. corr. y aum.
_bpor Faustino Menéndez Pidal.
260 _aMadrid :
_bReus,
_c1932.
300 _a720 p. ;
_c23 x 15 cm.
700 1 _aMenéndez Pidal, Faustino,
_d1924-
_980311
852 _aES-MaACL
_jA-1779
999 _c128032
_d128032